Music Quiz

Random Music or Artist Quiz

Songs Sharing Words Quiz Stats

 Plays Quiz Updated Jan 4, 2016

Score 0/48 Timer 08:00
2 Plays Today
Word Song % Correct
CaliforniaHotel California
94.6%
SpiritSmells Like Teen Spirit
84.4%
JungleWelcome to the Jungle
80.6%
WalkI Walk the Line
79.5%
WalkWalk This Way
78.2%
RockJailhouse Rock
76.4%
RunBorn to Run
75%
TogetherCome Together
74.6%
HouseHouse of the Rising Sun
70.2%
MoneyMoney for Nothing
68.6%
DevilSympathy for the Devil
67.5%
TrainCrazy Train
66.3%
ParadiseGangsta's Paradise
63.7%
WindBlowin' in the Wind
63.1%
RockRock the Casbah
60.7%
GoldHeart of Gold
60%
MountainAin't No Mountain High Enough
58%
WishWish You Were Here
57.2%
WindDust in the Wind
56.7%
RunBand on the Run
56.5%
MasterMaster of Puppets
55%
AgainWon't Get Fooled Again
54%
JetLeaving on a Jet Plane
53.9%
SpiritSpirit in the Sky
53.4%
Word Song % Correct
ParadiseParadise by the Dashboard Light
52.2%
MountainRocky Mountain High
52%
SunshineAin't No Sunshine
50.5%
SunshineSunshine of Your Love
49.2%
PeoplePeople Are Strange
48.9%
HouseBurning Down the House
48%
GoodOnly the Good Die Young
47.4%
DevilRunnin' with the Devil
45.4%
KarmaInstant Karma!
45.2%
AgainWhat's My Age Again?
44.7%
KarmaKarma Police
44.7%
PeopleEveryday People
44.5%
MoneyMo Money Mo Problems
42.2%
GoodFeel Good Inc.
40.7%
TogetherLet's Stay Together
40.2%
WishWhen You Wish Upon a Star
40%
JetJet Airliner
37.9%
CaliforniaGoing to California
37.5%
WannaI Wanna Be Sedated
36.7%
TrainPeace Train
33.2%
WannaWanna Be Startin' Somethin'
29.3%
GoldGold Dust Woman
27.9%
JungleRun Through the Jungle
25%
MasterMaster Blaster (Jammin')
22.2%

You're not logged in!

Compare scores with friends on all Sporcle quizzes.
OR
Log In

Show Comments

Extras

Top Quizzes Today


Score Distribution

Your Account Isn't Verified!

In order to create a playlist on Sporcle, you need to verify the email address you used during registration. Go to your Sporcle Settings to finish the process.

Report this User

Report this user for behavior that violates our Community Guidelines.

Details: